000 00321nam a2200121Ia 4500
005 20260328104333.0
008 260328s9999||||xx |||||||||||||| ||und||
100 _aEscala
245 0 _aAsentamiento Humanos :
_b Paquete Temátecas Escala /
_cEscala
260 _bEscala
650 _aASENTAMIENTOS HUMANOS
942 _cBK
999 _c11798
_d11798